00865cam a22002773a 45000010005000000030006000050050017000110080041000280400015000690420007000840500007000911000038000982450089001362600029002255060030002545160020002846530033003046530021003376530034003586530031003926530035004236530030004586530030004888300028005188560041005463369PGUSA20140828083031.0041023s2004||||xxu|||||s|||||000 1 eng d aPGUSAbeng adc 4aPS1 aHowells, William Dean,d1837-192012aA Hazard of New Fortunes — Volume 4h[electronic resource] /cWilliam Dean Howells bProject Gutenberg,c2004 aPublic domain in the USA. aElectronic text aMoving, Household -- Fiction aDomestic fiction aCity and town life -- Fiction aNew York (N.Y.) -- Fiction aMiddle-aged persons -- Fiction aMarried people -- Fiction aSocial classes -- Fiction 0aProject Gutenbergv336940uhttp://www.gutenberg.org/ebooks/3369